[Event "L.Rudenko Memorial 2011"]
[Site "St. Petersburg"]
[Date "2011.08.27"]
[Round "5"]
[White "Petrochenko, Maria"]
[Black "Sundukova, Ksenia"]
[Result "1/2-1/2"]
[WhiteElo "1491"]
[BlackElo "1755"]
[PlyCount "80"]
[EventDate "2011.08.23"]

1. d4 d5 2. c4 dxc4 3. e3 e6 4. Bxc4 Nf6 5. Nf3 Be7 6. O-O O-O 7. Nc3 Nbd7 8.
Qe2 Nb6 9. Bb3 c5 10. Rd1 cxd4 11. Nxd4 Qc7 12. Bd2 a6 13. Rac1 Qd8 14. Be1 Qe8
15. Qc2 Bd7 16. Ne4 Rc8 17. Nxf6+ Bxf6 18. Qd2 Ba4 19. Bxa4 Qxa4 20. b3 Qe8 21.
Qb4 Bxd4 22. Qxd4 Rxc1 23. Rxc1 Nd5 24. Bc3 Nxc3 25. Qxc3 h6 26. Qb4 Qd7 27.
Qc5 b5 28. Qc6 Qd2 29. Qc2 Qa5 30. Rd1 Qb6 31. Qc3 Qb7 32. Qa5 Qc6 33. h3 Qc2
34. Rd8 Rxd8 35. Qxd8+ Kh7 36. Qa5 Qd1+ 37. Kh2 Qd6+ 38. Kg1 Qc6 39. Qd2 Qc7
40. Qb2 Qd6 1/2-1/2

[Event "L.Rudenko Memorial 2011"]
[Site "St. Petersburg"]
[Date "2011.08.28"]
[Round "6"]
[White "Goryachkina, Aleksandra"]
[Black "Trapeznikova, Darya"]
[Result "1-0"]
[WhiteElo "2153"]
[BlackElo "1979"]
[PlyCount "67"]
[EventDate "2011.08.23"]

1. d4 d5 2. c4 c6 3. Nc3 Nf6 4. e3 e6 5. Nf3 Nbd7 6. Qc2 Bd6 7. Bd3 O-O 8. O-O
Qe7 9. h3 b6 10. e4 dxe4 11. Nxe4 Bc7 12. Re1 Bb7 13. c5 h6 14. b4 a5 15. b5
bxc5 16. dxc5 Nxe4 17. Bxe4 Nxc5 18. bxc6 Ba6 19. Bh7+ Kh8 20. Be3 Bd6 21. Rad1
Rfc8 22. Rxd6 Qxd6 23. Bxc5 Qc7 24. Bd4 f5 25. Rxe6 Kxh7 26. Qxf5+ Kg8 27. Rg6
Rd8 28. Rxg7+ Qxg7 29. Bxg7 Kxg7 30. Ne5 Rf8 31. Qg6+ Kh8 32. Qxh6+ Kg8 33.
Qg6+ Kh8 34. Nf7+ 1-0

[Event "L.Rudenko Memorial 2011"]
[Site "St. Petersburg"]
[Date "2011.08.28"]
[Round "6"]
[White "Shaydullina, Sandugach"]
[Black "Doluhanova, Evgeniya"]
[Result "1-0"]
[WhiteElo "2158"]
[BlackElo "2227"]
[PlyCount "91"]
[EventDate "2011.08.23"]

1. c4 e6 2. Nf3 d5 3. g3 c5 4. cxd5 exd5 5. d4 Nc6 6. Bg2 Nf6 7. O-O Bg4 8.
dxc5 Bxc5 9. a3 O-O 10. b4 Bb6 11. Bb2 Re8 12. Nc3 a6 13. Rc1 Ba7 14. h3 Bh5
15. g4 Bg6 16. e3 h6 17. Ne2 Qd6 18. Ned4 Rac8 19. Qe2 Bb8 20. Nxc6 Rxc6 21.
Rxc6 Qxc6 22. Rc1 Qb6 23. Bd4 Qe6 24. Qb2 Be4 25. b5 Qd6 26. Bc5 Qe6 27. bxa6
Qxa6 28. Bb6 Bd6 29. Bc5 Bxc5 30. Rxc5 Ra8 31. Ne5 Bxg2 32. Kxg2 Ne8 33. Rxd5
Qxa3 34. Qxb7 Qa7 35. Qc6 Nf6 36. Rb5 Rf8 37. Rb7 Qa2 38. Nc4 Qc2 39. Re7 Kh7
40. Qc5 Kg8 41. Qd4 Qa2 42. e4 Rc8 43. Ne3 Kh7 44. Qe5 Rc1 45. Nd5 Nxd5 46.
Qf5+ 1-0

[Event "L.Rudenko Memorial 2011"]
[Site "St. Petersburg"]
[Date "2011.08.28"]
[Round "6"]
[White "Galojan, Lilit"]
[Black "Romanko, Marina"]
[Result "1/2-1/2"]
[WhiteElo "2389"]
[BlackElo "2402"]
[PlyCount "132"]
[EventDate "2011.08.23"]

1. d4 d5 2. c4 c6 3. Nf3 Nf6 4. Nc3 e6 5. Bg5 Nbd7 6. e3 Qa5 7. cxd5 Nxd5 8.
Qd2 Bb4 9. Rc1 h6 10. Bh4 b6 11. Bd3 Ba6 12. O-O Bxd3 13. Qxd3 Bxc3 14. bxc3 c5
15. e4 Nf4 16. Qd2 Ng6 17. d5 e5 18. Bg3 O-O 19. h4 Nf6 20. c4 Qa4 21. Qe2 Rae8
22. Rfe1 Nh5 23. Nh2 Nxg3 24. fxg3 f5 25. exf5 Rxf5 26. Qg4 Rf6 27. Rf1 Rxf1+
28. Rxf1 Nf8 29. Qf5 Qd7 30. Ng4 e4 31. Ne3 Qxf5 32. Rxf5 Nd7 33. Rf4 Nf6 34.
g4 Re5 35. Kf1 a6 36. a4 b5 37. axb5 axb5 38. cxb5 Nxd5 39. Nxd5 Rxd5 40. Rf5
Rd2 41. Rxc5 Rb2 42. Rf5 e3 43. h5 Kh7 44. g3 Kg8 45. Ke1 Kh7 46. Rc5 Kg8 47.
g5 hxg5 48. Rxg5 Kh7 49. g4 Kh8 50. Rc5 Kg8 51. g5 g6 52. h6 Kh7 53. Rc7+ Kh8
54. Rb7 Rg2 55. Rb8+ Kh7 56. Rb7+ Kh8 57. Re7 Rb2 58. Re6 Rxb5 59. Rxg6 Kh7 60.
Rg7+ Kh8 61. Ke2 Re5 62. g6 Re6 63. Rh7+ Kg8 64. Rg7+ Kh8 65. Kd1 Rf6 66. Ke2
Re6 1/2-1/2

[Event "L.Rudenko Memorial 2011"]
[Site "St. Petersburg"]
[Date "2011.08.28"]
[Round "6"]
[White "Stjazhkina, Olga"]
[Black "Severiukhina, Zoja"]
[Result "1/2-1/2"]
[WhiteElo "2247"]
[BlackElo "2270"]
[PlyCount "50"]
[EventDate "2011.08.23"]

1. e4 e6 2. d3 c5 3. g3 Nc6 4. Bg2 d6 5. Nc3 g6 6. f4 Bg7 7. Nf3 Nge7 8. O-O
O-O 9. Be3 Nd4 10. e5 Nef5 11. Bf2 Nxf3+ 12. Qxf3 Nd4 13. Qd1 dxe5 14. fxe5
Bxe5 15. Ne4 f5 16. Nxc5 Qd6 17. b4 Nb5 18. a4 Nc3 19. Qe1 f4 20. gxf4 Rxf4 21.
Bg3 Qd4+ 22. Bf2 Qd6 23. Bg3 Qd4+ 24. Bf2 Qd6 25. Bg3 Qd4+ 1/2-1/2

[Event "L.Rudenko Memorial 2011"]
[Site "St. Petersburg"]
[Date "2011.08.28"]
[Round "6"]
[White "Tomilova, Elena"]
[Black "Bivol, Alina"]
[Result "1-0"]
[WhiteElo "2317"]
[BlackElo "2171"]
[PlyCount "95"]
[EventDate "2011.08.23"]

1. e4 e6 2. d4 d5 3. Nc3 Bb4 4. e5 c5 5. a3 Bxc3+ 6. bxc3 Qa5 7. Bd2 Qa4 8. Qb1
c4 9. Nf3 Ne7 10. g3 Nbc6 11. Bh3 Bd7 12. O-O O-O-O 13. Nh4 h6 14. f4 Rdg8 15.
f5 g5 16. fxg6 fxg6 17. Ng2 g5 18. Ne3 h5 19. Bg2 Qa5 20. a4 g4 21. Rf7 Rf8 22.
Qf1 Rxf7 23. Qxf7 b5 24. Qg7 Rg8 25. Qh7 Rd8 26. Qxh5 bxa4 27. Qxg4 a3 28. Qd1
Kc7 29. Qc1 a2 30. Qb2 Rb8 31. Qxa2 Qb6 32. Qa3 a5 33. Qd6+ Kc8 34. Rf1 Qd8 35.
Qc5 a4 36. Ng4 Ra8 37. Qa3 Nf5 38. Nf6 Qe7 39. Bc1 Qxa3 40. Bxa3 Ne3 41. Rc1
Na7 42. Kf2 Nxg2 43. Kxg2 Rb8 44. h4 Nb5 45. Ra1 Nxc3 46. h5 Ne4 47. h6 Nxf6
48. exf6 1-0

[Event "L.Rudenko Memorial 2011"]
[Site "St. Petersburg"]
[Date "2011.08.28"]
[Round "6"]
[White "Butuc, Maria"]
[Black "Molchanova, Tatjana"]
[Result "1/2-1/2"]
[WhiteElo "2172"]
[BlackElo "2346"]
[PlyCount "65"]
[EventDate "2011.08.23"]

1. Nf3 d5 2. c4 dxc4 3. Qa4+ Nd7 4. g3 a6 5. Qxc4 b5 6. Qf4 Bb7 7. Bg2 Ngf6 8.
d4 e6 9. O-O Bd6 10. Qh4 h6 11. Rd1 Nf8 12. Nc3 b4 13. Na4 Qd7 14. Nc5 Bxc5 15.
Ne5 Qc8 16. dxc5 Bxg2 17. Kxg2 Qb7+ 18. f3 Ng6 19. Nxg6 fxg6 20. Qc4 Kf7 21. e4
g5 22. h3 a5 23. c6 Qa6 24. Qc2 Qb6 25. e5 Nd5 26. Rxd5 exd5 27. Qf5+ Kg8 28.
Qe6+ Kh7 29. Qf5+ Kg8 30. Qe6+ Kh7 31. Qf5+ Kg8 32. Qe6+ Kh7 33. Qf5+ 1/2-1/2

[Event "L.Rudenko Memorial 2011"]
[Site "St. Petersburg"]
[Date "2011.08.28"]
[Round "6"]
[White "Zakurdjaeva, Irina"]
[Black "Travkina, Anastasia"]
[Result "1-0"]
[WhiteElo "2268"]
[BlackElo "2176"]
[PlyCount "49"]
[EventDate "2011.08.23"]

1. e4 c5 2. Nf3 d6 3. d4 cxd4 4. Nxd4 Nf6 5. Nc3 g6 6. Be3 Bg7 7. f3 Nc6 8. Qd2
O-O 9. g4 Ne5 10. O-O-O Be6 11. g5 Nh5 12. f4 Nc4 13. Bxc4 Bxc4 14. f5 Qa5 15.
b3 Ba6 16. Nd5 Qxa2 17. Nxe7+ Kh8 18. Qb4 Rfe8 19. f6 Bxf6 20. gxf6 Nxf6 21.
Ndc6 bxc6 22. Qc3 Rxe7 23. Qxf6+ Kg8 24. Bh6 Qa3+ 25. Kb1 1-0

[Event "L.Rudenko Memorial 2011"]
[Site "St. Petersburg"]
[Date "2011.08.28"]
[Round "6"]
[White "Eidelson, Rakhil"]
[Black "Balaian, Alina"]
[Result "1-0"]
[WhiteElo "2242"]
[BlackElo "2163"]
[PlyCount "77"]
[EventDate "2011.08.23"]

1. e4 e6 2. d4 d5 3. e5 c5 4. c3 Qb6 5. Nf3 Nc6 6. Be2 cxd4 7. cxd4 Nh6 8. Nc3
Nf5 9. Na4 Qa5+ 10. Kf1 Bd7 11. b3 b5 12. Bd2 Bb4 13. Bxb4 Qxb4 14. a3 Qe7 15.
Nb2 O-O 16. h4 h5 17. g3 f6 18. Kg2 a6 19. Rf1 Be8 20. a4 b4 21. Rc1 Qa7 22.
exf6 Rxf6 23. Nd3 Ncxd4 24. Nxd4 Qxd4 25. Kh3 e5 26. Qe1 Bd7 27. Kh2 a5 28. Rd1
Nxh4 29. Nf4 Qe4 30. f3 Qc2 31. Rd2 Qf5 32. Rxd5 Rf7 33. Bd3 Nxf3+ 34. Rxf3 Qg4
35. Rxd7 Qxd7 36. Qe4 g5 37. Qxa8+ Rf8 38. Bc4+ Kg7 39. Qe4 1-0

[Event "L.Rudenko Memorial 2011"]
[Site "St. Petersburg"]
[Date "2011.08.28"]
[Round "6"]
[White "Baraeva, Irina"]
[Black "Kindinova, Ekaterina"]
[Result "1-0"]
[WhiteElo "2204"]
[BlackElo "2159"]
[PlyCount "65"]
[EventDate "2011.08.23"]

1. d4 Nf6 2. c4 c5 3. Nf3 cxd4 4. Nxd4 e5 5. Nb5 d5 6. cxd5 Bc5 7. N5c3 O-O 8.
g3 Qb6 9. e3 Bg4 10. Be2 Bxe2 11. Qxe2 e4 12. Nd2 Re8 13. a3 Nbd7 14. b4 Bf8
15. Bb2 Rac8 16. O-O h5 17. Rac1 Qd8 18. Rfd1 a6 19. Qf1 Bd6 20. Ba1 Nb6 21.
Qh3 Qe7 22. Qh4 Rcd8 23. Ne2 Be5 24. Nd4 Bxd4 25. Bxd4 Nbxd5 26. Qg5 Rc8 27.
Nb3 b6 28. Rxc8 Rxc8 29. Ba1 Nc3 30. Re1 Qe6 31. Nd4 Qh3 32. Nf5 g6 33. Qxf6
1-0

[Event "L.Rudenko Memorial 2011"]
[Site "St. Petersburg"]
[Date "2011.08.28"]
[Round "6"]
[White "Kiseleva, Arina"]
[Black "Baraeva, Marina"]
[Result "0-1"]
[WhiteElo "1846"]
[BlackElo "2197"]
[PlyCount "124"]
[EventDate "2011.08.23"]

1. d4 d5 2. c4 c6 3. Nf3 Nf6 4. Qc2 dxc4 5. Qxc4 Bg4 6. Ne5 Be6 7. Qa4 Nbd7 8.
Nxd7 Qxd7 9. e3 g6 10. Nc3 Bg7 11. Bc4 Bxc4 12. Qxc4 O-O 13. O-O b5 14. Qe2
Rfd8 15. a3 a6 16. Rd1 Qc7 17. e4 e5 18. dxe5 Rxd1+ 19. Nxd1 Qxe5 20. f3 Nh5
21. Be3 Nf4 22. Qc2 Rc8 23. Qd2 Ne6 24. Qd7 Qb8 25. Rc1 Be5 26. h3 Nf4 27. Qd2
Rd8 28. Qc2 Nd3 29. Rb1 Qd6 30. Nc3 Qf6 31. Rd1 Nf4 32. Rxd8+ Qxd8 33. Ne2
Nxe2+ 34. Qxe2 Qf6 35. b3 Bd6 36. Qd2 Bxa3 37. Bd4 Qd6 38. Qc3 Bb4 39. Qe3 c5
40. Bb2 Qd2 41. Qxd2 Bxd2 42. Kf2 Bb4 43. Ke3 Kf8 44. Kd3 Ke7 45. f4 Be1 46. g4
Ke6 47. Ba3 Kd6 48. Bc1 Bf2 49. Bb2 Kc6 50. Bc3 Bh4 51. g5 b4 52. Bb2 Kb5 53.
Ba1 a5 54. Bb2 a4 55. bxa4+ Kxa4 56. Kc4 Bf2 57. f5 Bd4 58. Bc1 gxf5 59. exf5
Bf2 60. Bb2 b3 61. Bc1 Be3 62. Bb2 Bxg5 0-1

[Event "L.Rudenko Memorial 2011"]
[Site "St. Petersburg"]
[Date "2011.08.28"]
[Round "6"]
[White "Shulakova, Svetlana"]
[Black "Kostitsina, Liubov"]
[Result "0-1"]
[WhiteElo "2177"]
[BlackElo "2017"]
[PlyCount "104"]
[EventDate "2011.08.23"]

1. d4 Nf6 2. c4 g6 3. Nc3 Bg7 4. e4 d6 5. Be2 O-O 6. Bg5 Na6 7. h4 c5 8. d5 Nc7
9. h5 e6 10. Qd2 exd5 11. exd5 a6 12. a4 Rb8 13. Kf1 Bd7 14. Qf4 Nce8 15. g4
Qc8 16. f3 b5 17. axb5 axb5 18. cxb5 Rb6 19. Bc4 Qb7 20. Ra5 Nxg4 21. fxg4 f6
22. Bh4 g5 23. Qe3 gxh4 24. h6 Bh8 25. Nf3 Nc7 26. Qd3 Ra8 27. Rxa8+ Qxa8 28.
Kf2 Qb8 29. Rg1 Nxb5 30. Nd1 Nd4 31. Nxd4 cxd4 32. Qxd4 Qa7 33. Qe3 Qc7 34. b3
Rb8 35. g5 f5 36. g6 hxg6 37. Qe7 Bd4+ 38. Kf1 Qd8 39. Rxg6+ Kh8 40. Qxd8+ Rxd8
41. Nf2 f4 42. Kg2 f3+ 43. Kf1 Ra8 44. Nd1 Ra1 45. Ke1 Bf5 46. Rxd6 Bc2 47. Kd2
Bxd1 48. Bd3 Ra8 49. Kxd1 h3 50. h7 h2 51. Rh6 h1=Q+ 52. Rxh1 Ra1+ 0-1

[Event "L.Rudenko Memorial 2011"]
[Site "St. Petersburg"]
[Date "2011.08.28"]
[Round "6"]
[White "Korchagina, Viktoria"]
[Black "Styazhkina, Anna"]
[Result "1-0"]
[WhiteElo "2109"]
[BlackElo "2039"]
[PlyCount "83"]
[EventDate "2011.08.23"]

1. e4 c5 2. Nf3 Nc6 3. d4 cxd4 4. Nxd4 g6 5. c4 Nf6 6. Nc3 d6 7. Be2 Nxd4 8.
Qxd4 Bg7 9. Be3 O-O 10. Qd2 Qa5 11. O-O Be6 12. Rad1 Rfc8 13. b3 a6 14. Bd4 b5
15. f4 b4 16. Nd5 Bxd5 17. exd5 Ne4 18. Qe3 Bxd4 19. Rxd4 Nc3 20. Bg4 Rc7 21.
f5 Qc5 22. Kh1 Kg7 23. Qf4 f6 24. fxg6 hxg6 25. Rd3 g5 26. Qf5 Rh8 27. Re1 Rh4
28. Rh3 Rxh3 29. gxh3 Qd4 30. Bh5 Kh8 31. Bf7 Qd2 32. Rxe7 Qd1+ 33. Kg2 Qd2+
34. Kf1 Qc1+ 35. Re1 Qf4+ 36. Qxf4 gxf4 37. Bg6 Kg7 38. Bd3 Kf7 39. Re6 Rd7 40.
h4 Kg7 41. Bf5 Nxa2 42. Re2 1-0

[Event "L.Rudenko Memorial 2011"]
[Site "St. Petersburg"]
[Date "2011.08.28"]
[Round "6"]
[White "Azimova, Karina"]
[Black "Kostrikina, Anna"]
[Result "0-1"]
[WhiteElo "2067"]
[BlackElo "2079"]
[PlyCount "70"]
[EventDate "2011.08.23"]

1. e4 c5 2. Nc3 Nc6 3. f4 g6 4. Nf3 Bg7 5. Bb5 Nd4 6. Bc4 e6 7. e5 d6 8. Nxd4
cxd4 9. Bb5+ Bd7 10. Ne4 dxe5 11. Nd6+ Ke7 12. Bxd7 Qxd7 13. fxe5 Bxe5 14. Ne4
Qd5 15. Qe2 d3 16. Qxd3 Qxd3 17. cxd3 Nh6 18. Rb1 Rhd8 19. b3 Rxd3 20. Ba3+ Ke8
21. Rf1 Rad8 22. Rc1 b6 23. Rc7 R3d7 24. Rc6 Nf5 25. Rc4 Rd4 26. g4 Rxc4 27.
bxc4 Nd4 28. Kd1 h6 29. h4 f5 30. gxf5 Nxf5 31. Re1 Kf7 32. h5 gxh5 33. Kc2 h4
34. Nf2 Bg3 35. Rf1 Rd4 0-1

[Event "L.Rudenko Memorial 2011"]
[Site "St. Petersburg"]
[Date "2011.08.28"]
[Round "6"]
[White "Markelova, Lubov"]
[Black "Katyshkina, Anastasia"]
[Result "1/2-1/2"]
[WhiteElo "2074"]
[BlackElo "1936"]
[PlyCount "65"]
[EventDate "2011.08.23"]

1. Nf3 d5 2. d4 Nf6 3. c4 e6 4. Nc3 Be7 5. cxd5 exd5 6. Bg5 h6 7. Bh4 O-O 8.
Qc2 Be6 9. e3 Nbd7 10. Bd3 c5 11. O-O Rc8 12. Rac1 a6 13. a4 c4 14. Bf5 Ne8 15.
Bxe6 fxe6 16. Bxe7 Qxe7 17. e4 Nc7 18. Rfe1 Qf7 19. Re3 b5 20. axb5 axb5 21.
Rce1 b4 22. exd5 Nf6 23. Ne5 Qe8 24. d6 bxc3 25. dxc7 Nd5 26. Rg3 cxb2 27. Qxb2
Rxc7 28. Qc1 Nf4 29. Rf3 Nd5 30. Rg3 Nf4 31. Rf3 Nd5 32. Rg3 Nf4 33. Rf3
1/2-1/2

[Event "L.Rudenko Memorial 2011"]
[Site "St. Petersburg"]
[Date "2011.08.28"]
[Round "6"]
[White "Chernyak, Viktoria"]
[Black "Grebennikova, Tatyana"]
[Result "1/2-1/2"]
[WhiteElo "1768"]
[BlackElo "2009"]
[PlyCount "69"]
[EventDate "2011.08.23"]

1. e4 d5 2. exd5 Qxd5 3. Nf3 c6 4. Be2 Nf6 5. d4 Bg4 6. h3 Bh5 7. Be3 e6 8. a3
Qa5+ 9. Nbd2 Nbd7 10. b4 Qc7 11. c4 a5 12. O-O Be7 13. Qb3 O-O 14. Rfc1 axb4
15. axb4 e5 16. dxe5 Nxe5 17. Qc3 Nxf3+ 18. Bxf3 Bxf3 19. Nxf3 Rad8 20. Rd1
Rxd1+ 21. Rxd1 Rd8 22. Rxd8+ Qxd8 23. b5 h6 24. bxc6 bxc6 25. Qd2 Qb8 26. Qc2
Qb4 27. g3 Bc5 28. Bxc5 Qxc5 29. Kg2 Nd7 30. Qd3 Ne5 31. Nxe5 Qxe5 32. Qd8+ Kh7
33. Qd3+ Kg8 34. Qd8+ Kh7 35. Qd3+ 1/2-1/2

[Event "L.Rudenko Memorial 2011"]
[Site "St. Petersburg"]
[Date "2011.08.28"]
[Round "6"]
[White "Manina, Ksenia"]
[Black "Maidanova, Irina"]
[Result "1/2-1/2"]
[WhiteElo "2003"]
[BlackElo "1861"]
[PlyCount "135"]
[EventDate "2011.08.23"]

1. e4 c5 2. Nc3 d6 3. f4 a6 4. a4 b6 5. Nf3 Bb7 6. g3 e6 7. d3 Qc7 8. Bg2 Nc6
9. Be3 Nge7 10. O-O g6 11. Ne2 Bg7 12. c3 O-O 13. d4 Na5 14. e5 Rfd8 15. g4 Nc4
16. Qc1 Nxe3 17. Qxe3 Rac8 18. Rac1 b5 19. axb5 axb5 20. exd6 Qxd6 21. dxc5
Rxc5 22. Rcd1 Nd5 23. Qf2 Rc7 24. Nfd4 Qc5 25. f5 e5 26. Nc2 Qxf2+ 27. Rxf2 Bf8
28. b4 Rcd7 29. fxg6 hxg6 30. Bxd5 Bxd5 31. Ne3 Be6 32. Rxd7 Rxd7 33. Rf1 Bh6
34. Kf2 Rd3 35. Nc2 Bxg4 36. Ne1 Rd2 37. Nf3 Rd3 38. Nxe5 Be3+ 39. Kg2 Bxe2 40.
Nxd3 Bxf1+ 41. Kxf1 Bd2 42. Ne5 Kg7 43. Nc6 Bxc3 44. Na7 Bxb4 45. Nxb5 g5 46.
Kg2 Kg6 47. Kf3 f5 48. h3 Bc5 49. Nc7 Kf6 50. Nd5+ Ke5 51. Nc3 Kd4 52. Ne2+ Ke5
53. Nc3 Bd6 54. Ne2 Kd5 55. Nc3+ Kc4 56. Na4 Be5 57. Nb6+ Kc5 58. Nd7+ Kd6 59.
Nb6 Kc5 60. Nd7+ Kd5 61. Nb6+ Kd4 62. Nd7 Bd6 63. Nf6 Ke5 64. Nd7+ Kd4 65. Nf6
Be5 66. Nh7 g4+ 67. hxg4 fxg4+ 68. Kxg4 1/2-1/2

[Event "L.Rudenko Memorial 2011"]
[Site "St. Petersburg"]
[Date "2011.08.28"]
[Round "6"]
[White "Botalova, Yulia"]
[Black "Tskhadadze, Anna"]
[Result "0-1"]
[WhiteElo "1969"]
[BlackElo "1761"]
[PlyCount "82"]
[EventDate "2011.08.23"]

1. e4 e5 2. Nf3 Nc6 3. Bb5 a6 4. Ba4 Nf6 5. d3 d6 6. c3 Be7 7. Nbd2 O-O 8. Nf1
b5 9. Bc2 d5 10. Qe2 Re8 11. Ng3 d4 12. O-O dxc3 13. bxc3 Bc5 14. h3 b4 15. Ba4
Bd7 16. cxb4 Nxb4 17. Bxd7 Qxd7 18. Rd1 Rad8 19. Ne1 Qa4 20. Bg5 Rd6 21. Nf5
Rde6 22. Bxf6 Rxf6 23. d4 exd4 24. Nxd4 Nc6 25. Qc2 Qxc2 26. Ndxc2 Bxf2+ 27.
Kh1 Rxe4 28. Nd3 h6 29. Rf1 Re2 30. Nxf2 Rfxf2 31. Rxf2 Rxf2 32. Ne3 Ne5 33. a4
c6 34. Rc1 Ra2 35. Rc5 Nd3 36. Rxc6 Rxa4 37. Nc4 Nf4 38. Nb6 Ra1+ 39. Kh2 Ra2
40. Nd7 f6 41. Kg3 Nxg2 0-1

[Event "L.Rudenko Memorial 2011"]
[Site "St. Petersburg"]
[Date "2011.08.28"]
[Round "6"]
[White "Sundukova, Ksenia"]
[Black "Vronskaya, Anna"]
[Result "0-1"]
[WhiteElo "1755"]
[BlackElo "1864"]
[PlyCount "66"]
[EventDate "2011.08.23"]

1. d4 d5 2. Nf3 Nf6 3. e3 Bg4 4. Be2 e6 5. O-O c5 6. dxc5 Bxc5 7. h3 Bh5 8. Ne5
Bxe2 9. Qxe2 O-O 10. Qb5 Qc7 11. Nf3 Nbd7 12. b3 e5 13. Bb2 a6 14. Qe2 Rac8 15.
c4 e4 16. Nfd2 dxc4 17. Nxc4 b5 18. Ncd2 Ba7 19. Rc1 Qd6 20. Nc3 Bb8 21. g3 Qe6
22. Kg2 Nc5 23. Ba3 Rfd8 24. Bxc5 Rxc5 25. Nd1 Rh5 26. h4 g5 27. Rc5 Be5 28.
Nxe4 Nxe4 29. Rxe5 Qxe5 30. Qxh5 Qxa1 31. Nc3 Qxc3 32. Qf3 Qe5 33. Qh5 Rd2 0-1

[Event "L.Rudenko Memorial 2011"]
[Site "St. Petersburg"]
[Date "2011.08.28"]
[Round "6"]
[White "Elizarova, Taisia"]
[Black "Petrochenko, Maria"]
[Result "1/2-1/2"]
[WhiteElo "1662"]
[BlackElo "1491"]
[PlyCount "104"]
[EventDate "2011.08.23"]

1. d4 d5 2. c4 c6 3. Nf3 Nf6 4. Nc3 e6 5. Bg5 Nbd7 6. e3 Qa5 7. Nd2 Ne4 8.
Ndxe4 dxe4 9. Bf4 Bb4 10. Qc2 O-O 11. Be2 e5 12. Bg3 exd4 13. exd4 Nf6 14. O-O
Bf5 15. a3 Be7 16. Bf4 Rad8 17. Be3 Qc7 18. h3 Rfe8 19. Rad1 h6 20. Qc1 Bf8 21.
Rfe1 Bg6 22. Bf4 Bd6 23. Be3 Bh5 24. Qc2 Bxe2 25. Qxe2 Bf4 26. Bxf4 Qxf4 27.
Qe3 Qxe3 28. Rxe3 Rd7 29. f3 exf3 30. Rxf3 Red8 31. Rfd3 Kf8 32. Kf2 Re7 33.
Re3 Rde8 34. Rde1 Rxe3 35. Rxe3 Rxe3 36. Kxe3 Ke7 37. Ne4 Nxe4 38. Kxe4 Ke6 39.
g4 g6 40. h4 f6 41. b4 b6 42. a4 a6 43. h5 gxh5 44. gxh5 f5+ 45. Kf4 a5 46.
bxa5 bxa5 47. d5+ cxd5 48. cxd5+ Kxd5 49. Kxf5 Kd6 50. Kg6 Ke6 51. Kxh6 Kf6 52.
Kh7 Kf7 1/2-1/2

[Event "L.Rudenko Memorial 2011"]
[Site "St. Petersburg"]
[Date "2011.08.28"]
[Round "6"]
[White "Butneva, Larisa"]
[Black "Yusupova, Lilia"]
[Result "1-0"]
[WhiteElo "1868"]
[BlackElo "1672"]
[PlyCount "85"]
[EventDate "2011.08.23"]

1. e4 c5 2. Nc3 Nc6 3. f4 e6 4. Nf3 Nge7 5. Nb5 d6 6. d4 cxd4 7. Nfxd4 a6 8.
Nxc6 Nxc6 9. Nc3 Be7 10. Be3 Bh4+ 11. g3 Bf6 12. Qd2 b5 13. Bg2 Bb7 14. Qf2
Bxc3+ 15. bxc3 Ne7 16. O-O O-O 17. Rfd1 Qd7 18. Bc5 Nc8 19. e5 Bxg2 20. Qxg2 d5
21. Bxf8 Kxf8 22. Qf2 Qc7 23. Qd4 Nb6 24. Rf1 g6 25. Rae1 Rc8 26. Rf3 Na4 27.
Ree3 Qc5 28. Qd2 Nb2 29. Qd4 Na4 30. Qxc5+ Nxc5 31. g4 Ne4 32. f5 Ke7 33. h4
Rc4 34. fxg6 hxg6 35. Rd3 Nc5 36. Rd4 Ra4 37. Rxa4 Nxa4 38. Kf1 Nc5 39. h5 gxh5
40. gxh5 Nd7 41. h6 Nxe5 42. h7 Ng6 43. Rg3 1-0

[Event "L.Rudenko Memorial 2011"]
[Site "St. Petersburg"]
[Date "2011.08.28"]
[Round "6"]
[White "Gudkina, Zhanna"]
[Black "Savrova, Lidia"]
[Result "1-0"]
[WhiteElo "1759"]
[BlackElo "1591"]
[PlyCount "51"]
[EventDate "2011.08.23"]

1. e4 c5 2. Nf3 d6 3. d4 cxd4 4. Nxd4 Nf6 5. Nc3 a6 6. Be2 g6 7. O-O Bg7 8. Nb3
Nc6 9. Be3 O-O 10. f4 b5 11. Bf3 Bb7 12. a3 e6 13. Rf2 Qc7 14. Rd2 Rfd8 15. Qe1
Rac8 16. Qf2 Qe7 17. Rad1 Ne8 18. Bb6 Rd7 19. e5 Nxe5 20. fxe5 Bxe5 21. Nc5
Bxf3 22. Qxf3 Ra7 23. Bxa7 Qxa7 24. N3e4 dxc5 25. Rd7 Rc7 26. Qxf7+ 1-0

[Event "L.Rudenko Memorial 2011"]
[Site "St. Petersburg"]
[Date "2011.08.29"]
[Round "7"]
[White "Romanko, Marina"]
[Black "Goryachkina, Aleksandra"]
[Result "1/2-1/2"]
[WhiteElo "2402"]
[BlackElo "2153"]
[PlyCount "74"]
[EventDate "2011.08.23"]

1. d4 d5 2. c4 c6 3. Nc3 Nf6 4. e3 e6 5. Nf3 Nbd7 6. Bd3 dxc4 7. Bxc4 b5 8. Bd3
Bd6 9. O-O O-O 10. Ne2 a6 11. a4 Bb7 12. Ng3 Qc7 13. Bd2 e5 14. b4 Rfe8 15. Qb1
Rad8 16. Rc1 Qb8 17. Ne4 Nxe4 18. Bxe4 g6 19. h3 Rc8 20. dxe5 Nxe5 21. Nxe5
Bxe5 22. Ra3 Rcd8 23. Bc3 Bxc3 24. Raxc3 bxa4 25. Rc5 Rd2 26. Ra5 Qd6 27. Rxa4
Rxe4 28. Qxe4 Rd1+ 29. Rxd1 Qxd1+ 30. Kh2 Qxa4 31. Qe8+ Kg7 32. Qe5+ Kh6 33.
Qf4+ Kg7 34. Qd4+ Kg8 35. Qd8+ Kg7 36. Qd4+ Kg8 37. Qd8+ Kg7 1/2-1/2

[Event "L.Rudenko Memorial 2011"]
[Site "St. Petersburg"]
[Date "2011.08.29"]
[Round "7"]
[White "Trapeznikova, Darya"]
[Black "Shaydullina, Sandugach"]
[Result "0-1"]
[WhiteElo "1979"]
[BlackElo "2158"]
[PlyCount "170"]
[EventDate "2011.08.23"]

1. d4 Nf6 2. c4 e6 3. Nf3 d5 4. e3 c5 5. cxd5 exd5 6. Nc3 Nc6 7. Bb5 a6 8.
Bxc6+ bxc6 9. dxc5 Bxc5 10. O-O O-O 11. Qc2 Bd6 12. h3 Re8 13. b3 c5 14. Rd1
Bb7 15. Na4 Rc8 16. Qd3 Ne4 17. Bb2 Re6 18. Nc3 c4 19. bxc4 dxc4 20. Qd4 Nxc3
21. Bxc3 Qf8 22. Ne1 Bc6 23. Rdc1 Bc5 24. Qg4 Rg6 25. Qf5 Ba3 26. Rd1 Qe8 27.
Rd4 Bc5 28. Qxc5 Bxg2 29. Qa5 Bxh3+ 30. Kh2 Bd7 31. Rad1 Qe7 32. Nf3 Rh6+ 33.
Kg1 Rg6+ 34. Kf1 Bh3+ 35. Ke2 h6 36. Rd8+ Kh7 37. Rxc8 Bxc8 38. Qe5 Qa3 39. Qa5
Qe7 40. Qd8 Qb7 41. Qd5 Qe7 42. Ne5 Rg5 43. Qxc4 Be6 44. Qd3+ Bf5 45. Qd6 Qb7
46. Qd5 Qc8 47. Qc4 Bg4+ 48. f3 Bxf3+ 49. Kxf3 Qf5+ 50. Qf4 Qc2 51. Qe4+ Rf5+
52. Qxf5+ Qxf5+ 53. Ke2 Qc2+ 54. Bd2 Qxa2 55. Rf1 f6 56. Nf3 a5 57. Nd4 a4 58.
Rg1 a3 59. Nf5 g6 60. Ne7 Qc4+ 61. Kf2 Qd3 62. Bb4 a2 63. Nxg6 Qc2+ 64. Kf3
Qf5+ 65. Nf4 Qb1 66. Rxb1 axb1=Q 67. Bc3 Qh1+ 68. Kg4 Qd1+ 69. Kg3 f5 70. Be5
h5 71. Ng2 h4+ 72. Kh2 Qg4 73. Bf4 Kg6 74. Be5 Kf7 75. Bd4 Qg3+ 76. Kh1 Ke7 77.
Bc5+ Kd7 78. Bd4 Kc6 79. Nf4 Kb5 80. Ng2 Kc4 81. Nf4 Kb3 82. Bc5 Kc2 83. Ng2
Kd1 84. Nf4 Ke1 85. Bd6 Kf1 0-1

[Event "L.Rudenko Memorial 2011"]
[Site "St. Petersburg"]
[Date "2011.08.29"]
[Round "7"]
[White "Galojan, Lilit"]
[Black "Stjazhkina, Olga"]
[Result "0-1"]
[WhiteElo "2389"]
[BlackElo "2247"]
[PlyCount "78"]
[EventDate "2011.08.23"]

1. Nf3 d5 2. c4 dxc4 3. e3 Nf6 4. Bxc4 e6 5. O-O c5 6. Qe2 Nc6 7. Rd1 Be7 8. d4
cxd4 9. Nxd4 Nxd4 10. Rxd4 Bd7 11. Nc3 a6 12. e4 b5 13. Bb3 b4 14. Nd5 exd5 15.
exd5 Bb5 16. Qe1 O-O 17. d6 Bxd6 18. Bf4 Re8 19. Qd1 Bxf4 20. Rxd8 Raxd8 21.
Qf3 Bd2 22. h3 Rd4 23. Qb7 Rd7 24. Qb6 Bf4 25. Qc5 Bd6 26. Qf5 Bd3 27. Qa5 Rde7
28. g3 h6 29. Rd1 Re1+ 30. Rxe1 Rxe1+ 31. Kg2 Be4+ 32. f3 Re2+ 33. Kf1 Bd3 34.
Kg1 Bb5 35. a4 bxa3 36. bxa3 Bxg3 37. a4 Bh2+ 38. Kh1 Nh5 39. Qd8+ Kh7 0-1

[Event "L.Rudenko Memorial 2011"]
[Site "St. Petersburg"]
[Date "2011.08.29"]
[Round "7"]
[White "Eidelson, Rakhil"]
[Black "Tomilova, Elena"]
[Result "1-0"]
[WhiteElo "2242"]
[BlackElo "2317"]
[PlyCount "47"]
[EventDate "2011.08.23"]

1. e4 c5 2. Nf3 Nc6 3. d4 cxd4 4. Nxd4 Nf6 5. Nc3 d6 6. Bc4 e6 7. Bb3 Be7 8.
O-O O-O 9. Be3 Bd7 10. f4 Nxd4 11. Bxd4 Bc6 12. f5 e5 13. Be3 Nxe4 14. Nxe4
Bxe4 15. Qg4 Bc6 16. Bh6 Bf6 17. Bxg7 h5 18. Qg6 Qb6+ 19. Rf2 Qxb3 20. Qxf6
Qxb2 21. Rd1 Qb4 22. Bh6 Qg4 23. h3 Qxd1+ 24. Kh2 1-0